<?xml version="1.0" encoding="UTF-8"?>
<marc:record xmlns:marc="http://www.loc.gov/MARC21/slim">
   <marc:leader>00000nam a2200000 a 4500</marc:leader>
   <marc:datafield ind1="1" ind2=" " tag="100">
      <marc:subfield code="a">Hadler, Colin</marc:subfield>
      <marc:subfield code="4">aut</marc:subfield>
      <marc:subfield code="e">Verfasser/-in</marc:subfield>
   </marc:datafield>
   <marc:datafield ind1="0" ind2="0" tag="245">
      <marc:subfield code="a">Firewatch</marc:subfield>
   </marc:datafield>
   <marc:datafield ind1="0" ind2="0" tag="245">
      <marc:subfield code="b">Thriller</marc:subfield>
   </marc:datafield>
   <marc:datafield ind1=" " ind2="1" tag="264">
      <marc:subfield code="b">dtv </marc:subfield>
      <marc:subfield code="c">2026</marc:subfield>
   </marc:datafield>
   <marc:datafield ind1="1" ind2=" " tag="520">
      <marc:subfield code="a">Robin kennt den Mörder seines besten Freundes Aaron. Und wenn die Polizei ihn nicht überführt, wird er es tun. Ein Jahr zuvor: Aaron übernimmt bei einem Ferienjob die &#x9b;Firewatch&#x8b; in einem kalifornischen Nationalpark. Stationiert im Firetower nebenan: Der gleichaltrige Schriftsteller Kian, der eine unwiderstehliche Anziehungskraft auf Aaron ausübt &#x96; obwohl er spürt, dass Kian etwas verbirgt...</marc:subfield>
   </marc:datafield>
   <marc:datafield ind1=" " ind2=" " tag="020">
      <marc:subfield code="a">9783423264631</marc:subfield>
      <marc:subfield code="9">9783423264631</marc:subfield>
   </marc:datafield>
</marc:record>
